we fell in love in october - ​girl in red - All Lyrics - Statistics

General Stats
  • This quiz has been taken 412 times
  • The average score is 158 of 176
Answer Stats
Answer % Correct
I
99%
love
99%
We
99%
in
98%
You
98%
October
97%
that
97%
fell
96%
why,
96%
My
95%
my
95%
(My
95%
the
95%
be
94%
girl,
94%
girl
94%
girl)
94%
That’s
94%
look
92%
will
92%
and
90%
fall
90%
at
89%
At
89%
from
87%
Looking
87%
looking
87%
so
87%
this
87%
world
86%
world,
86%
pretty
85%
stars
85%
afar
84%
Admiring
83%
view
82%
on
78%
cigarettes
75%
Smoking
75%
roof
74%
Don’t
59%
not
59%
to
59%
We’re
58%
am
57%
going
57%
way
57%
down
56%
here
55%
know,
55%
bother
53%
least
53%
stay
52%
No matching quizzes found
Score Distribution
Percent of People with Each Score
Percentile by Number Answered
Your Score History
You have not taken this quiz